Capital gains tax business

Bibliographic Details
Main Author: Cox, Christopher
Other Authors: Ross, Harry J.
Format: Book
Published: London : Sweer & Maxwell , 1982
Subjects:

MARC

LEADER 00000cam a2200000 7i4500
001 0000002371
005 20050505.0
020 |a 0421282304 
040 |a INS 
090 0 0 |a HJ4708.   |b A4 1982 
100 1 |a Cox, Christopher 
245 1 0 |a Capital gains tax business   |c Christopher Cox 
260 |a London :   |b Sweer & Maxwell ,   |c 1982 
300 |a xviii, 221p. 
650 0 0 |a Capital gains tax   |z Great Britain 
700 1 |a Ross, Harry J. 
999 |a 0000000723   |b BOOK   |c Open Shelf   |e Default branch